<?xml version="1.0" encoding="UTF-8"?><marc:collection xmlns:marc="http://www.loc.gov/MARC21/slim">
  <marc:record>
    <marc:leader>01088cam a2200253 c 4500</marc:leader>
    <marc:controlfield tag="001">504721631</marc:controlfield>
    <marc:controlfield tag="003">DE-603</marc:controlfield>
    <marc:controlfield tag="005">20230210085617.0</marc:controlfield>
    <marc:controlfield tag="007">tu</marc:controlfield>
    <marc:controlfield tag="008">230209s2022    xx ||||  |   u00| u|ger c</marc:controlfield>
    <marc:datafield tag="035" ind1=" " ind2=" ">
      <marc:subfield code="a">(DE-599)HEB504721631</marc:subfield>
    </marc:datafield>
    <marc:datafield tag="035" ind1=" " ind2=" ">
      <marc:subfield code="a">(OCoLC)1369265363</marc:subfield>
    </marc:datafield>
    <marc:datafield tag="040" ind1=" " ind2=" ">
      <marc:subfield code="a">DE-603</marc:subfield>
      <marc:subfield code="b">ger</marc:subfield>
      <marc:subfield code="c">DE-603</marc:subfield>
      <marc:subfield code="d">DE-603</marc:subfield>
      <marc:subfield code="e">rda</marc:subfield>
    </marc:datafield>
    <marc:datafield tag="041" ind1=" " ind2=" ">
      <marc:subfield code="a">ger</marc:subfield>
    </marc:datafield>
    <marc:datafield tag="245" ind1="0" ind2="0">
      <marc:subfield code="a">Elternmitwirkung in Rheinland-Pfalz</marc:subfield>
      <marc:subfield code="b">von Eltern für Eltern</marc:subfield>
      <marc:subfield code="c">Ministerium für Bildung und Landeselternbeirat Rheinland-Pfalz (Hrsg.)</marc:subfield>
    </marc:datafield>
    <marc:datafield tag="264" ind1=" " ind2="1">
      <marc:subfield code="a">Mainz</marc:subfield>
      <marc:subfield code="b">Ministerium für Bildung</marc:subfield>
      <marc:subfield code="c">Juli 2022</marc:subfield>
    </marc:datafield>
    <marc:datafield tag="300" ind1=" " ind2=" ">
      <marc:subfield code="a">23 Seiten</marc:subfield>
      <marc:subfield code="b">Illustrationen</marc:subfield>
    </marc:datafield>
    <marc:datafield tag="336" ind1=" " ind2=" ">
      <marc:subfield code="a">Text</marc:subfield>
      <marc:subfield code="b">txt</marc:subfield>
      <marc:subfield code="2">rdacontent</marc:subfield>
    </marc:datafield>
    <marc:datafield tag="337" ind1=" " ind2=" ">
      <marc:subfield code="a">ohne Hilfsmittel zu benutzen</marc:subfield>
      <marc:subfield code="b">n</marc:subfield>
      <marc:subfield code="2">rdamedia</marc:subfield>
    </marc:datafield>
    <marc:datafield tag="338" ind1=" " ind2=" ">
      <marc:subfield code="a">Band</marc:subfield>
      <marc:subfield code="b">nc</marc:subfield>
      <marc:subfield code="2">rdacarrier</marc:subfield>
    </marc:datafield>
    <marc:datafield tag="583" ind1="1" ind2=" ">
      <marc:subfield code="a">Archivierung/Langzeitarchivierung gewährleistet</marc:subfield>
      <marc:subfield code="f">PERP</marc:subfield>
      <marc:subfield code="5">DE-36</marc:subfield>
      <marc:subfield code="2">pdager</marc:subfield>
    </marc:datafield>
    <marc:datafield tag="710" ind1="2" ind2=" ">
      <marc:subfield code="a">Rheinland-Pfalz</marc:subfield>
      <marc:subfield code="b">Ministerium für Bildung</marc:subfield>
      <marc:subfield code="e">Herausgebendes Organ</marc:subfield>
      <marc:subfield code="4">isb</marc:subfield>
      <marc:subfield code="0">(DE-603)381027961</marc:subfield>
      <marc:subfield code="0">(DE-588)1102277576</marc:subfield>
      <marc:subfield code="2">gnd</marc:subfield>
    </marc:datafield>
    <marc:datafield tag="710" ind1="2" ind2=" ">
      <marc:subfield code="a">Landeselternbeirat Rheinland-Pfalz</marc:subfield>
      <marc:subfield code="e">Herausgebendes Organ</marc:subfield>
      <marc:subfield code="4">isb</marc:subfield>
      <marc:subfield code="0">(DE-603)04416176X</marc:subfield>
      <marc:subfield code="0">(DE-588)3025925-3</marc:subfield>
      <marc:subfield code="2">gnd</marc:subfield>
    </marc:datafield>
    <marc:datafield tag="924" ind1="0" ind2=" ">
      <marc:subfield code="9">36</marc:subfield>
      <marc:subfield code="a">(DE-603)1226509738</marc:subfield>
      <marc:subfield code="b">DE-36</marc:subfield>
      <marc:subfield code="c">HES</marc:subfield>
      <marc:subfield code="d">c</marc:subfield>
      <marc:subfield code="g">K 2023/37</marc:subfield>
    </marc:datafield>
  </marc:record>
</marc:collection>
